| 000 | 00597nam a2200229Ia 4500 | ||
|---|---|---|---|
| 003 | OSt | ||
| 005 | 20220928115801.0 | ||
| 006 | a|||||r|||| 00| 0 | ||
| 007 | ta | ||
| 008 | 220927b |||||||| |||| 00| 0 eng d | ||
| 024 | _a32372 | ||
| 037 | _cTextual | ||
| 040 |
_aSDCL _cSDCL _beng |
||
| 041 |
_2eng _aeng |
||
| 082 | _aS0bT, N2 | ||
| 100 |
_aTriphathi Shaligrame _9446115 |
||
| 245 | 0 | _aShakshik maovigyan. | |
| 260 |
_aJablepur _bVenktesh Prakashn _c1992 |
||
| 300 |
_axi,388p. _ccm. |
||
| 942 |
_hS0bT, N2 _cTEXL _2CC |
||
| 999 |
_c760949 _d760949 |
||